[Event "FICGS rapid C 000274 email"]
[Site "FICGS email"]
[Date "2021.11.07"]
[Round "1"]
[White "Pechova, Hana"]
[Black "Leurette, Marc Antoine"]
[Result "1-0"]
[WhiteElo "1853"]
[BlackElo "1701"]
[PlyCount "39"]
[EventDate "2021.??.??"]
[EventType "tourn (rapid)"]
[EventRounds "4"]
[SourceTitle "Corr 2024"]
[Source "ChessBase"]
[SourceDate "2023.10.19"]
[SourceVersion "1"]
[SourceVersionDate "2023.10.19"]
[SourceQuality "1"]

1. d4 d5 2. c4 e6 3. Nc3 Nf6 4. Bg5 Be7 5. Nf3 b6 6. cxd5 exd5 7. e3 c6 8. Bd3 h6 9. Bf4 Bd6 10. Ne5 0-0 11. 0-0 Nbd7 12. Nxc6 Qe8 13. Bxd6 Bb7 14. Ne7+ Kh8 15. Nb5 Qd8 16. Nf5 Rg8 17. Be7 Qb8 18. Nbd6 Ne8 19. Nxf7+ Kh7 20. Qh5 1-0

[Event "FICGS rapid B 000368 email"]
[Site "FICGS email"]
[Date "2021.09.24"]
[Round "1"]
[White "Vollmer, Steve"]
[Black "Pechova, Hana"]
[Result "0-1"]
[WhiteElo "1753"]
[BlackElo "1864"]
[PlyCount "60"]
[EventDate "2021.??.??"]
[EventType "tourn (rapid)"]
[EventRounds "6"]
[SourceTitle "Corr 2024"]
[Source "ChessBase"]
[SourceDate "2023.10.19"]
[SourceVersion "1"]
[SourceVersionDate "2023.10.19"]
[SourceQuality "1"]

1. d4 f5 2. c4 e6 3. Nf3 Nf6 4. g3 d5 5. Bg2 c6 6. Qc2 Bd6 7. 0-0 0-0 8. Nbd2 Nbd7 9. b3 Qe7 10. Bb2 Ne4 11. e3 b6 12. a4 a5 13. Rfd1 Bb4 14. Nxe4 fxe4 15. Ne5 Nxe5 16. dxe5 Bb7 17. Bd4 Qf7 18. Bxb6 c5 19. cxd5 exd5 20. Bh3 Ra6 21. e6 Qe7 22. Bxc5 Bxc5 23. Rac1 Rc6 24. Qb2 Ba3 25. Qd2 Bxc1 26. Rxc1 Qb4 27. Rd1 Qxd2 28. Rxd2 Rc1+ 29. Kg2 Ba6 30. f3 Bf1+ 0-1

[Event "FICGS theme 0002 email"]
[Site "FICGS email"]
[Date "2021.08.29"]
[Round "1"]
[White "Pechova, Hana"]
[Black "Brand Lyard, Paul"]
[Result "1-0"]
[WhiteElo "1880"]
[BlackElo "1777"]
[PlyCount "37"]
[EventDate "2021.??.??"]
[EventType "swiss (corr)"]
[EventRounds "1"]
[SourceTitle "Corr 2024"]
[Source "ChessBase"]
[SourceDate "2023.10.19"]
[SourceVersion "1"]
[SourceVersionDate "2023.10.19"]
[SourceQuality "1"]

1. d4 Nf6 2. c4 e6 3. Nf3 b6 4. a3 Bb7 5. Nc3 d5 6. cxd5 Nxd5 7. Bd2 Nxc3 8. Bxc3 Bxf3 9. gxf3 g6 10. d5 exd5 11. Bxh8 Bc5 12. h4 h5 13. Qd2 Nc6 14. Bh3 Bxf2+ 15. Kxf2 Qxh4+ 16. Kf1 Qg3 17. Qe3+ Kd8 18. Bf6+ Ne7 19. Qxe7# 1-0

[Event "FICGS rapid B 000367 email"]
[Site "FICGS email"]
[Date "2021.08.18"]
[Round "1"]
[White "Pechova, Hana"]
[Black "Laduke, Matt"]
[Result "0-1"]
[WhiteElo "1880"]
[BlackElo "1941"]
[PlyCount "34"]
[EventDate "2021.??.??"]
[EventType "tourn (rapid)"]
[EventRounds "6"]
[SourceTitle "Corr 2024"]
[Source "ChessBase"]
[SourceDate "2023.10.19"]
[SourceVersion "1"]
[SourceVersionDate "2023.10.19"]
[SourceQuality "1"]

1. d4 Nf6 2. c4 g6 3. Nc3 d5 4. cxd5 Nxd5 5. e4 Nxc3 6. bxc3 Bg7 7. Nf3 c5 8. Be3 Nc6 9. Rc1 cxd4 10. cxd4 0-0 11. d5 Ne5 12. Nxe5 Bxe5 13. Bc4 b5 14. Bb3 a5 15. 0-0 a4 16. Bc2 Bd7 17. f4 Bb2 0-1

[Event "FICGS W-ch st1 g07 email"]
[Site "FICGS email"]
[Date "2021.07.11"]
[Round "1"]
[White "Dineen, Thomas"]
[Black "Pechova, Hana"]
[Result "1/2-1/2"]
[WhiteElo "2091"]
[BlackElo "1880"]
[PlyCount "75"]
[EventDate "2021.??.??"]
[EventType "tourn (corr)"]
[EventRounds "8"]
[SourceTitle "Corr 2024"]
[Source "ChessBase"]
[SourceDate "2023.10.19"]
[SourceVersion "1"]
[SourceVersionDate "2023.10.19"]
[SourceQuality "1"]

1. d4 d5 2. c4 e6 3. Nc3 Nf6 4. cxd5 exd5 5. Bg5 c6 6. e3 Be7 7. Bd3 Nbd7 8. Qc2 0-0 9. Nge2 h6 10. Bh4 Re8 11. 0-0 Ne4 12. Bxe7 Qxe7 13. Bxe4 dxe4 14. Rfd1 f5 15. h3 Qf7 16. d5 Ne5 17. dxc6 bxc6 18. Na4 Ba6 19. Nd4 Bc4 20. Qc3 Rad8 21. Nc5 Rd5 22. b4 g5 23. Qc2 Qg6 24. f3 exf3 25. Nxf3 Nxf3+ 26. gxf3 Rxd1+ 27. Rxd1 Bd5 28. e4 fxe4 29. fxe4 Bxe4 30. Nxe4 Qxe4 31. Qxe4 Rxe4 32. Rd6 Rxb4 33. Rxh6 Kf7 34. Rxc6 Ra4 35. Rc5 Kg6 36. Rc2 Ra3 37. Kg2 Kf5 38. Re2 1/2-1/2

[Event "FICGS W-ch st1 g07 email"]
[Site "FICGS email"]
[Date "2021.07.11"]
[Round "2"]
[White "Pech, Jaroslav Sr"]
[Black "Pechova, Hana"]
[Result "1-0"]
[WhiteElo "2082"]
[BlackElo "1880"]
[PlyCount "37"]
[EventDate "2021.??.??"]
[EventType "tourn (corr)"]
[EventRounds "8"]
[SourceTitle "Corr 2024"]
[Source "ChessBase"]
[SourceDate "2023.10.19"]
[SourceVersion "1"]
[SourceVersionDate "2023.10.19"]
[SourceQuality "1"]

1. e4 d5 2. exd5 Qxd5 3. Nc3 Qa5 4. d4 Nf6 5. Nf3 c6 6. Bc4 Bf5 7. Bd2 e6 8. Qe2 Bb4 9. 0-0-0 Nbd7 10. a3 Bxc3 11. Bxc3 Qc7 12. Ne5 Nxe5 13. dxe5 Nd5 14. Bd2 0-0-0 15. g4 Bg6 16. f4 h5 17. h3 Qb6 18. Rhf1 hxg4 19. hxg4 1-0

[Event "FICGS W-ch st1 g07 email"]
[Site "FICGS email"]
[Date "2021.07.11"]
[Round "1"]
[White "Pechova, Hana"]
[Black "Pech, Jaroslav Sr"]
[Result "1-0"]
[WhiteElo "1880"]
[BlackElo "2082"]
[PlyCount "79"]
[EventDate "2021.??.??"]
[EventType "tourn (corr)"]
[EventRounds "8"]
[SourceTitle "Corr 2024"]
[Source "ChessBase"]
[SourceDate "2023.10.19"]
[SourceVersion "1"]
[SourceVersionDate "2023.10.19"]
[SourceQuality "1"]

1. c4 e5 2. Nc3 Nf6 3. Nf3 Nc6 4. g3 d5 5. cxd5 Nxd5 6. Bg2 Nb6 7. 0-0 Be7 8. d3 0-0 9. a3 Be6 10. b4 a5 11. b5 Nd4 12. Nd2 c6 13. bxc6 Nxc6 14. Rb1 a4 15. Re1 Qc7 16. Nb5 Qd7 17. Nc3 Ra6 18. Nc4 Nxc4 19. dxc4 Rd8 20. Nd5 Bf5 21. Rb5 Bf8 22. Qd2 Nd4 23. Rxb7 Qxb7 24. Nf6+ gxf6 25. Bxb7 Nf3+ 26. exf3 Rxd2 27. Bxd2 Rb6 28. Be4 Be6 29. Rc1 Rb3 30. c5 f5 31. Bb1 Bxc5 32. Rxc5 Rxb1+ 33. Kg2 f6 34. Bb4 Rd1 35. f4 exf4 36. gxf4 Rd4 37. Kf3 Rd3+ 38. Ke2 Rh3 39. Bc3 Rxh2 40. Bxf6 1-0

[Event "FICGS W-ch st1 g07 email"]
[Site "FICGS email"]
[Date "2021.07.11"]
[Round "1"]
[White "Pechova, Hana"]
[Black "Peedikakkandy, Sameer"]
[Result "1-0"]
[WhiteElo "1880"]
[BlackElo "1611"]
[PlyCount "41"]
[EventDate "2021.??.??"]
[EventType "tourn (corr)"]
[EventRounds "8"]
[SourceTitle "Corr 2024"]
[Source "ChessBase"]
[SourceDate "2023.10.19"]
[SourceVersion "1"]
[SourceVersionDate "2023.10.19"]
[SourceQuality "1"]

1. e4 e5 2. Nf3 Nc6 3. Bb5 d6 4. d4 exd4 5. Nxd4 Bd7 6. Nc3 Nf6 7. 0-0 Be7 8. Re1 0-0 9. Bf1 Re8 10. h3 a6 11. Bf4 Qc8 12. Nf3 h6 13. Qd3 Bf8 14. Nd5 Nxd5 15. exd5 Ne7 16. c4 Bf5 17. Qc3 Qd7 18. Rad1 Qc8 19. Nd4 Ng6 20. Rxe8 Qxe8 21. Bxd6 1-0

[Event "FICGS W-ch st1 g03 email"]
[Site "FICGS email"]
[Date "2020.11.05"]
[Round "1"]
[White "Pechova, Hana"]
[Black "Bonoldi, Fabio"]
[Result "1-0"]
[WhiteElo "1810"]
[BlackElo "1944"]
[PlyCount "59"]
[EventDate "2020.??.??"]
[EventType "tourn (corr)"]
[EventRounds "8"]
[SourceTitle "Corr 2022"]
[Source "ChessBase"]
[SourceDate "2021.10.24"]
[SourceVersion "1"]
[SourceVersionDate "2021.10.24"]
[SourceQuality "1"]

1. e4 Nf6 2. e5 Ng8 3. d4 d6 4. Nf3 dxe5 5. Nxe5 Nd7 6. Qf3 Ngf6 7. Nc3 e6 8. Bd3 Be7 9. 0-0 0-0 10. Be3 c5 11. Rad1 cxd4 12. Bxd4 Nxe5 13. Bxe5 Qa5 14. Rfe1 Rd8 15. a3 h6 16. b4 Qb6 17. Qg3 Nh5 18. Qh3 Nf6 19. Re3 Kf8 20. Rde1 a5 21. Na4 Qa7 22. b5 b6 23. f4 Ng8 24. Rg3 Bf6 25. Qg4 Qe7 26. Kh1 Bxe5 27. fxe5 f5 28. exf6 Nxf6 29. Rf1 e5 30. Qe4 1-0

[Event "FICGS W-ch st1 g02 email"]
[Site "FICGS email"]
[Date "2020.03.01"]
[Round "1"]
[White "Pechova, Hana"]
[Black "Faust, Dieter"]
[Result "0-1"]
[WhiteElo "1794"]
[BlackElo "1979"]
[PlyCount "28"]
[EventDate "2020.??.??"]
[EventType "tourn (corr)"]
[EventRounds "8"]
[SourceTitle "Corr 2022"]
[Source "ChessBase"]
[SourceDate "2021.10.24"]
[SourceVersion "1"]
[SourceVersionDate "2021.10.24"]
[SourceQuality "1"]

1. e4 c5 2. Nf3 e6 3. d4 cxd4 4. Nxd4 Nc6 5. Nc3 Qc7 6. Be3 Nf6 7. Qd2 Bb4 8. f3 Nxd4 9. Qxd4 Bxc3+ 10. Qxc3 Qxc3+ 11. bxc3 d5 12. e5 Nd7 13. Bd4 f6 14. exf6 gxf6 0-1

[Event "FICGS class D 000258 email"]
[Site "FICGS email"]
[Date "2019.10.23"]
[Round "1"]
[White "Pintor, Manuel Abranches"]
[Black "Pechova, Hana"]
[Result "0-1"]
[WhiteElo "1496"]
[BlackElo "1730"]
[PlyCount "72"]
[EventDate "2019.??.??"]
[EventType "tourn (corr)"]
[EventRounds "6"]
[SourceTitle "Corr 2022"]
[Source "ChessBase"]
[SourceDate "2021.10.24"]
[SourceVersion "1"]
[SourceVersionDate "2021.10.24"]
[SourceQuality "1"]

1. e4 e6 2. f4 d5 3. exd5 exd5 4. d4 Nf6 5. Nf3 Bd6 6. Bd3 0-0 7. 0-0 Re8 8. Ne5 c5 9. c3 Nc6 10. Be3 Qb6 11. Qb3 Ng4 12. Nxg4 Qxb3 13. axb3 Bxg4 14. Bf2 cxd4 15. cxd4 a6 16. Nc3 Nb4 17. Bb1 Bxf4 18. Be1 Bd7 19. Na4 Bb5 20. Bxb4 Be3+ 21. Kh1 Bxf1 22. Bc3 Bb5 23. Nb6 Rad8 24. Bf5 Rd6 25. Nc8 Rf6 26. Bh3 Bf2 27. Na7 Bd3 28. g3 Be4+ 29. Bg2 Bxg2+ 30. Kxg2 Re2 31. Kh3 Rh6+ 32. Kg4 Rxh2 33. Ra5 h5+ 34. Kf3 Bg1 35. g4 Ref2+ 36. Kg3 h4# 0-1

[Event "FICGS W-ch st1 g02 email"]
[Site "FICGS email"]
[Date "2019.07.01"]
[Round "1"]
[White "Pech, Stepan"]
[Black "Pechova, Hana"]
[Result "1/2-1/2"]
[WhiteElo "1881"]
[BlackElo "1730"]
[PlyCount "60"]
[EventDate "2019.??.??"]
[EventType "tourn (corr)"]
[EventRounds "8"]
[SourceTitle "Corr 2022"]
[Source "ChessBase"]
[SourceDate "2021.10.24"]
[SourceVersion "1"]
[SourceVersionDate "2021.10.24"]
[SourceQuality "1"]

1. Nf3 Nf6 2. b3 g6 3. Bb2 Bg7 4. g3 0-0 5. Bg2 d5 6. c4 c6 7. 0-0 Bg4 8. d3 Nbd7 9. Nbd2 Re8 10. d4 Qb6 11. Ne5 Nxe5 12. dxe5 Nd7 13. cxd5 cxd5 14. Bxd5 Nxe5 15. Bxe5 Bxe5 16. Nc4 Qc7 17. Rc1 Rad8 18. Ne3 Qa5 19. b4 Qxb4 20. Nxg4 Qxg4 21. Qb3 e6 22. Bf3 Qd4 23. Qxb7 Rb8 24. Qa6 Qb6 25. Qxb6 Rxb6 26. Rfd1 Rd6 27. Rxd6 Bxd6 28. e3 Rb8 29. Rc6 Rb6 30. Rxb6 axb6 1/2-1/2

[Event "FICGS W-ch st1 g02 email"]
[Site "FICGS email"]
[Date "2019.07.01"]
[Round "1"]
[White "Pechova, Hana"]
[Black "Jabot, Daniel"]
[Result "1/2-1/2"]
[WhiteElo "1730"]
[BlackElo "2127"]
[PlyCount "100"]
[EventDate "2019.??.??"]
[EventType "tourn (corr)"]
[EventRounds "8"]
[SourceTitle "Corr 2022"]
[Source "ChessBase"]
[SourceDate "2021.10.24"]
[SourceVersion "1"]
[SourceVersionDate "2021.10.24"]
[SourceQuality "1"]

1. d4 d5 2. c4 c6 3. Nf3 Nf6 4. Nc3 e6 5. e3 Nbd7 6. Bd3 dxc4 7. Bxc4 b5 8. Bd3 Bb7 9. 0-0 a6 10. e4 c5 11. d5 Qc7 12. dxe6 fxe6 13. Bc2 Bd6 14. Ng5 Nf8 15. f4 0-0-0 16. Qe2 h6 17. Nf3 Bxf4 18. e5 Bxf3 19. Qxf3 Bxe5 20. Qa8+ Kd7 21. Qxa6 Bxh2+ 22. Kh1 Ke7 23. Rf3 Qe5 24. Be3 b4 25. Na4 N8d7 26. Re1 Bg3 27. Bxc5+ Nxc5 28. Qa7+ Rd7 29. Qxc5+ Qxc5 30. Rxe6+ Kxe6 31. Nxc5+ Ke7 32. Nxd7 Bd6 33. Nxf6 gxf6 34. Re3+ Be5 35. Re2 Rc8 36. Kg1 Kf8 37. b3 Kf7 38. Bf5 Rc5 39. Bd3 Bg3 40. Bc4+ Kg6 41. Re8 Kf5 42. Rg8 Be1 43. Kf1 Re5 44. Rb8 Bg3 45. Rb5 Kf4 46. Rxe5 fxe5 47. Ke2 e4 48. Bf7 Bh2 49. Kf2 Bg3+ 50. Ke2 Bh4 1/2-1/2

[Event "FICGS W-ch st1 g04 email"]
[Site "FICGS email"]
[Date "2018.11.01"]
[Round "1"]
[White "Pechova, Hana"]
[Black "Zmolil, Josef"]
[Result "1/2-1/2"]
[WhiteElo "1673"]
[BlackElo "1582"]
[PlyCount "123"]
[EventDate "2018.??.??"]
[EventType "tourn (corr)"]
[EventRounds "8"]
[SourceTitle "Corr 2022"]
[Source "ChessBase"]
[SourceDate "2021.10.24"]
[SourceVersion "1"]
[SourceVersionDate "2021.10.24"]
[SourceQuality "1"]

1. e4 c5 2. Nf3 d6 3. d4 cxd4 4. Nxd4 Nf6 5. Nc3 a6 6. Be3 e5 7. Nb3 Be6 8. f3 Be7 9. Qd2 0-0 10. 0-0-0 Nbd7 11. g4 b5 12. g5 b4 13. Ne2 Ne8 14. f4 a5 15. f5 a4 16. Nbd4 exd4 17. Nxd4 b3 18. Kb1 bxc2+ 19. Nxc2 Bb3 20. axb3 axb3 21. Na3 Ne5 22. h4 Ra4 23. Qg2 Qa8 24. f6 Bd8 25. Rd5 Nc7 26. Rxd6 Qxe4+ 27. Qxe4 Rxe4 28. fxg7 Kxg7 29. Rh3 Be7 30. Rd4 Rxe3 31. Rxe3 Bc5 32. Rxe5 Bxd4 33. Re7 Ne6 34. Bc4 Kg8 35. Bxb3 Bf2 36. Bxe6 fxe6 37. h5 Rf5 38. h6 Rxg5 39. Rxe6 Kf7 40. Re2 Bc5 41. Kc2 Rh5 42. Nc4 Kf6 43. Nd2 Be7 44. Ne4+ Kf7 45. Rf2+ Kg6 46. Rg2+ Kxh6 47. Kd3 Rb5 48. Kc4 Rb4+ 49. Kd5 Rb6 50. Nf2 Rg6 51. Rxg6+ Kxg6 52. Ke4 Kf6 53. Nd3 h5 54. Nf4 h4 55. Nd5+ Ke6 56. Nxe7 Kxe7 57. Kf4 Kd6 58. Kg4 Kc5 59. Kxh4 Kb4 60. Kg4 Kb3 61. Kf5 Kxb2 62. Ke4 1/2-1/2

[Event "FICGS W-ch st1 g04 email"]
[Site "FICGS email"]
[Date "2018.11.01"]
[Round "1"]
[White "Van Dijk, Erik"]
[Black "Pechova, Hana"]
[Result "1-0"]
[WhiteElo "2097"]
[BlackElo "1673"]
[PlyCount "77"]
[EventDate "2018.??.??"]
[EventType "tourn (corr)"]
[EventRounds "8"]
[SourceTitle "Corr 2022"]
[Source "ChessBase"]
[SourceDate "2021.10.24"]
[SourceVersion "1"]
[SourceVersionDate "2021.10.24"]
[SourceQuality "1"]

1. e4 c5 2. Nf3 Nc6 3. d4 cxd4 4. Nxd4 Nf6 5. Nc3 e5 6. Ndb5 d6 7. Bg5 a6 8. Na3 b5 9. Nd5 Be7 10. Bxf6 Bxf6 11. c3 0-0 12. h4 g6 13. g3 Bg7 14. Nc2 h5 15. Nce3 Rb8 16. Bh3 Be6 17. g4 Bxd5 18. exd5 hxg4 19. dxc6 gxh3 20. h5 b4 21. cxb4 Rxb4 22. hxg6 Rxb2 23. Rxh3 Qa5+ 24. Kf1 fxg6 25. Rc1 Rbxf2+ 26. Kg1 R2f7 27. Qxd6 Rf6 28. Qd5+ Qxd5 29. Nxd5 Rd6 30. Rd3 Bh6 31. Rf1 Be3+ 32. Kg2 Rxf1 33. Kxf1 Bc5 34. Ne7+ Kg7 35. Ke2 Rxd3 36. Kxd3 Bd6 37. Nd5 a5 38. c7 Bxc7 39. Nxc7 1-0

[Event "FICGS W-ch st1 g01 email"]
[Site "FICGS email"]
[Date "2018.03.02"]
[Round "1"]
[White "Pechova, Hana"]
[Black "Vasquez, Fernando Jose Pinto"]
[Result "1/2-1/2"]
[WhiteElo "1590"]
[BlackElo "1964"]
[PlyCount "170"]
[EventDate "2018.??.??"]
[EventType "tourn (corr)"]
[EventRounds "8"]
[SourceTitle "Corr 2022"]
[Source "ChessBase"]
[SourceDate "2021.10.24"]
[SourceVersion "1"]
[SourceVersionDate "2021.10.24"]
[SourceQuality "1"]

1. e4 e5 2. Nf3 Nf6 3. d4 Nxe4 4. Bd3 d5 5. Nxe5 Nd7 6. Nxd7 Bxd7 7. 0-0 Bd6 8. Qh5 0-0 9. Qxd5 Bc6 10. Qh5 g6 11. Qh3 Ng5 12. Bxg5 Qxg5 13. Nc3 Rae8 14. Rae1 Qf4 15. Ne2 Qf6 16. c3 h5 17. Nc1 a5 18. Bc2 b6 19. Nd3 Bb5 20. b3 c5 21. c4 Ba6 22. dxc5 bxc5 23. Rxe8 Rxe8 24. Re1 Rxe1+ 25. Nxe1 Bb7 26. Kf1 Be5 27. Qe3 Bd4 28. Qe2 Kg7 29. Bd1 Qf4 30. Kg1 h4 31. Nf3 Bf6 32. h3 Qc1 33. Ne1 Qb1 34. Nd3 Bd4 35. Nf4 Be4 36. Qd2 Qa1 37. a4 Bc3 38. Qe2 Be5 39. Nd3 Bd4 40. Ne1 Bf6 41. Nf3 Qc1 42. Qd2 Qb1 43. Ne1 Bf5 44. Kf1 Qa1 45. Qe2 Bc3 46. Nc2 Qb1 47. Ne1 Kh7 48. Qe3 Qa1 49. Ke2 Qb2+ 50. Kf1 Bf6 51. Qe2 Qa1 52. Kg1 Kg8 53. Nf3 Kg7 54. Kh2 Qc1 55. Qe1 g5 56. Qe2 Bc3 57. g3 hxg3+ 58. fxg3 Kg6 59. Kg2 Qb2 60. Qxb2 Bxb2 61. g4 Be4 62. Kg3 Bc1 63. Kf2 Kf6 64. Kf1 Bd3+ 65. Kg2 Bg6 66. Kg3 Bf4+ 67. Kf2 Be5 68. Kf1 Bd3+ 69. Kg2 Be4 70. Kf2 Bf4 71. Ke1 Bc6 72. Ke2 Bxf3+ 73. Kxf3 Ke5 74. Bc2 Bc1 75. Bf5 Kd4 76. Bd7 Kc3 77. Bc6 Kxb3 78. Bb5 f6 79. Ke4 Kb4 80. Kd5 Bd2 81. Be8 Bf4 82. Bb5 Be5 83. Bd7 Bf4 84. Bb5 Be3 85. Be8 Bf4 1/2-1/2

[Event "FICGS rapid C 000150 email"]
[Site "FICGS email"]
[Date "2018.02.08"]
[Round "1"]
[White "Pechova, Hana"]
[Black "Perez, Alberto"]
[Result "1-0"]
[WhiteElo "1580"]
[BlackElo "1500"]
[PlyCount "51"]
[EventDate "2018.??.??"]
[EventType "tourn (rapid)"]
[EventRounds "4"]
[SourceTitle "Corr 2022"]
[Source "ChessBase"]
[SourceDate "2021.10.24"]
[SourceVersion "1"]
[SourceVersionDate "2021.10.24"]
[SourceQuality "1"]

1. e4 c5 2. Nf3 Nc6 3. d4 cxd4 4. Nxd4 e5 5. Nb5 d6 6. N1c3 a6 7. Na3 f5 8. exf5 Bxf5 9. Bd3 Be6 10. Bc4 Qf6 11. 0-0 0-0-0 12. Bxe6+ Qxe6 13. Nd5 Nf6 14. c4 Nd4 15. Re1 Nxd5 16. cxd5 Qxd5 17. Bg5 Rd7 18. Nc4 Qc5 19. Rc1 Kb8 20. Nxe5 Qxe5 21. Rxe5 dxe5 22. Qg4 Rc7 23. Rxc7 Kxc7 24. Qh5 g6 25. Bd8+ Kxd8 26. Qxe5 1-0